So sánh hiệu quả xử lý nước thải sinh hoạt sau bể tự hoại bằng đất ngập nước kiến tạo trồng cây Bồ Ngồ (Acorus calamus) trên than bùn và cát : Luận văn Thạc sĩ Khoa học Môi trường. Chuyên ngành: Khoa học Môi trường

Nghiên cứu xác định hiệu quả xử lý nước thải sinh hoạt sau bể tự hoại của cây Bồ Ngồ trên cát và than bùn. So sánh khả năng xử lý nước thải của cây Bồ Ngồ trồng trên cát và than bùn.

সংরক্ষণ করুন:
গ্রন্থ-পঞ্জীর বিবরন
প্রধান লেখক: Nguyễn, Đạt Phương
বিন্যাস: গ্রন্থ
ভাষা:Undetermined
প্রকাশিত: Cần Thơ Trường Đại học Cần Thơ 2010
বিষয়গুলি:
ট্যাগগুলো: ট্যাগ যুক্ত করুন
কোনো ট্যাগ নেই, প্রথমজন হিসাবে ট্যাগ করুন!
Thư viện lưu trữ: Trung tâm Học liệu Trường Đại học Cần Thơ
LEADER 01392nam a2200229Ia 4500
001 CTU_163809
008 210402s9999 xx 000 0 und d
082 |a 628.351 
082 |b Ph561 
088 |a 60440301 
100 |a Nguyễn, Đạt Phương 
245 0 |a So sánh hiệu quả xử lý nước thải sinh hoạt sau bể tự hoại bằng đất ngập nước kiến tạo trồng cây Bồ Ngồ (Acorus calamus) trên than bùn và cát : 
245 0 |b Luận văn Thạc sĩ Khoa học Môi trường. Chuyên ngành: Khoa học Môi trường 
245 0 |c Nguyễn Đạt Phương ; Nguyễn Hữu Chiếm (Hướng dẫn Khoa học) 
260 |a Cần Thơ 
260 |b Trường Đại học Cần Thơ 
260 |c 2010 
520 |a Nghiên cứu xác định hiệu quả xử lý nước thải sinh hoạt sau bể tự hoại của cây Bồ Ngồ trên cát và than bùn. So sánh khả năng xử lý nước thải của cây Bồ Ngồ trồng trên cát và than bùn. 
650 |a Sewage,Water,Nước thải,Nước 
650 |x Purification,Biological treatment,Purification,Sự làm sạch,Xử lý sinh học,Sự làm sạch 
904 |i Năm 
980 |a Trung tâm Học liệu Trường Đại học Cần Thơ